| 000 | 01236nam a2200349 a 4500 | ||
|---|---|---|---|
| 001 | 000108934 | ||
| 003 | CHAP | ||
| 005 | 20220329144030.0 | ||
| 008 | 140320s2013 mx sm |||||||spa d | ||
| 010 | _a105396 | ||
| 011 | _a106368 | ||
| 040 | _cCHAP | ||
| 090 | _aTesis | ||
| 100 | 1 |
_aMiguel Castro, Javier _9126024 |
|
| 245 | 1 | 0 |
_aInstalación y acondicionamiento de una maquina centrifuga modelo OTC 2-02-137 _h[En línea] _cpor Javier Miguel Castro. |
| 260 |
_aChapingo, Méx. : _bEl autor, _c2013. |
||
| 500 | _aPara ver el contenido del material haga clic en la liga | ||
| 502 | _aTesis (Ing. Mecánico Agrícola) -- UACH. Departamento de Ingeniería Mecánica Agrícola | ||
| 590 |
_aBATCH-UPD _b05 _c20140324 _lUCH01 _h1537 |
||
| 590 |
_aBATCH-UPD _b05 _c20141002 _lUCH01 _h0858 |
||
| 590 |
_aE6096MTM _b05 _c20140320 _lUCH01 _h1437 |
||
| 590 |
_aE6096MTM _b05 _c20140320 _lUCH01 _h1438 |
||
| 650 | 1 | 4 |
_aAceite para motores _xPurificación _9454 |
| 650 | 1 | 4 |
_aMaquinaria agrícola. _971151 |
| 650 | 1 | 4 |
_aPartículas. _985821 |
| 650 | 1 | 4 |
_aSeparación. _9104461 |
| 650 | 1 | 4 |
_aSólidos. _9108599 |
| 856 |
_aFinding aid _uhttp://10.13.5.2/tesis/sist108934.pdf _zTeclea aquí |
||
| 901 | _aBK | ||
| 942 | _cTESIS | ||
| 942 | _n0 | ||
| 999 |
_c105396 _d105396 |
||